Breaking the dšr.t Vessels

Saved in:

Main Author: Elena Luise Hertel

Format: Book

Language: Undetermined

Online Access: Login to view Source

Tags: Add Tag

No Tags, Be the first to tag this record!

Call Number:

LEADER 00443nmm a2200133Ia 4500
008 240716s9999||||xx |||||||||||||||||und||
020 |a 9781803275871 
020 |a 9781803275888 
100 |a Elena Luise Hertel 
245 1 0 |a Breaking the dšr.t Vessels  |c Elena Luise Hertel 
264 |b Archaeopress Access Archaeology  |c 28-ديسمبر-23 
856 4 0 |u http://library.arce.org:8087/Archaeopress/Products/9781803275871 
942 |2 lcc  |c EBOOK 
999 |c 58964  |d 58964